000 00385nam a2200157Ia 4500
008 230524s9999 xx 000 0 und d
082 _a510
_bPRA
100 _aGorakh Prassad
245 0 _aText Book on Differential Calculus
250 _a17TH
260 _aNEW DELHI
_bPothishala
_c2004
300 _a346
500 _aQuantity Number: 250
650 _aMathematics
942 _cBK
999 _c25034
_d25034